000
00397nam a22001697a 4500
003
MPLRDC
005
20220104143313.0
008
210129b ||||| |||| 00| 0 eng d
082
_a
997.12 HGJ
100
_a
黄国俊编著
245
_a
象棋入门浅说
_c
250
_a
一版一刷
260
_a
_b
蜀蓉棋艺出版社
_c
1986
300
_b
平
650
_a
942
_c
BK
_o
997.12 HGJ
999
_c
38595
_d
38585